000
00355nam a2200133Ia 4500
008
151001s9999||||xx |||||||||||||| ||und||
100
_a
चिंतामणी लागू
245
_a
स्वप्न
250
_a
1
260
_b
शितल मेहता कोल्हापूर
260
_c
2013
300
_a
224
365
_b
18
999
_c
1001968
_d
1001965